000 01011nam a2200241Ia 4500
003 Ost
005 20260507074847.0
008 260507s9999||||xx |||||||||||||| ||und||
020 _a97899615224657
040 _cfsecg
041 _aara
082 _a350
100 _aغول، فرحات
_eمؤلف
245 0 _aمدخل إلى التسيير /
_c فرحات غول
260 _aالجزائر:
_bدار الخلدونية,
_c2012
300 _a166 صفحة؛
_bإيضاحات ؛
_c24 سم
504 _aببليوغرافيا: ص.160-161
520 _a يضم طبيعة العملية الادارية (مفاهيم أساسية حول التسيير والمسيرين)، المدارس التنظيمية (تطور الفكر الاداري)، التخطيط كوظيفة ادارية، القيادة كوظيفة ادارية، الرقابة كوظيفة ادارية
653 _aالإدارة العامة
653 _aالتخطيط
653 _aالرقابة
942 _cكتاب
999 _c41540
_d41540